Statistiques concernant Personnalités nées dans les années 1910 par images

Cliquez ici pour prendre le quiz!

Statistiques générales

  • Ce quiz a été pris 5 212 fois
    (4 759 depuis la dernière actualisation)
  • Le résultat moyen est 10 sur 20

Statistiques - réponses

Réponse% Correct
Nelson Mandela
95%
Louis de Funès
94%
John Fitzgerald Kennedy
93%
François Mitterrand
88%
Mère Teresa
85%
Édith Piaf
77%
Abbé Pierre
76%
Bourvil
72%
Ronald Reagan
65%
Jacques-Yves Cousteau
59%
Albert Camus
35%
Lino Ventura
35%
Léo Ferré
32%
Bernard Blier
27%
Gamal Adbel Nasser
26%
Jean Marais
22%
Aimé Césaire
14%
David Niven
12%
Lucie Aubrac
10%
Pierre Elliott Trudeau
8%

Distribution des résultats

Percentile par nombre de réponses

% des personnes avec chaque résultat

Votre développement - résultats

Vous n’avez pas pris ce quiz depuis la dernière actualisation